MCQ in Soil Science & Agricultural Chemistry/ (Record no. 51602)

MARC details
000 -LEADER
fixed length control field 00553nam a22001577a 4500
003 - CONTROL NUMBER IDENTIFIER
control field OSt
008 - FIXED-LENGTH DATA ELEMENTS--GENERAL INFORMATION
fixed length control field 260606b |||||||| |||| 00| 0 eng d
020 ## - INTERNATIONAL STANDARD BOOK NUMBER
International Standard Book Number 9789353872489
082 ## - DEWEY DECIMAL CLASSIFICATION NUMBER
Classification number 631.4076
Item number R23M
100 ## - MAIN ENTRY--PERSONAL NAME
Personal name Rathod, Sandipkumar V.
245 ## - TITLE STATEMENT
Title MCQ in Soil Science & Agricultural Chemistry/
Remainder of title by Sandipkumar V. Rathod
260 ## - PUBLICATION, DISTRIBUTION, ETC. (IMPRINT)
Place of publication, distribution, etc Delhi:
Name of publisher, distributor, etc Satish Serial Publishing House,
Date of publication, distribution, etc 2025.
300 ## - PHYSICAL DESCRIPTION
Extent ix, 411 p.
650 ## - SUBJECT ADDED ENTRY--TOPICAL TERM
Topical term or geographic name as entry element Technology (Applied Sciences) | Agriculture and Related Technologies | Soil Science | Questions and Answers
942 ## - ADDED ENTRY ELEMENTS (KOHA)
Source of classification or shelving scheme
Koha item type Books
Holdings
Withdrawn status Lost status Source of classification or shelving scheme Damaged status Not for loan Home library Current library Shelving location Date acquired Source of acquisition Cost, normal purchase price Total Checkouts Full call number Barcode Date last seen Bill Date Koha item type Bill Number
          Dr. Rajendra Prasad Central Agricultural University Pusa, Dr. Rajendra Prasad Central Agricultural University Pusa, General Stacks 06/06/2026 Delight Book Agency 850.00   631.4076 R23M 87364 06/06/2026 29/01/2026 Books Bill No. DBS/0262025-2026
          Dr. Rajendra Prasad Central Agricultural University Pusa, Dr. Rajendra Prasad Central Agricultural University Pusa, General Stacks 06/06/2026 Delight Book Agency 850.00   631.4076 R23M 87365 06/06/2026 29/01/2026 Books Bill No. DBS/0262025-2026
          Dr. Rajendra Prasad Central Agricultural University Pusa, Dr. Rajendra Prasad Central Agricultural University Pusa, General Stacks 06/06/2026 Delight Book Agency 850.00   631.4076 R23M 87366 06/06/2026 29/01/2026 Books Bill No. DBS/0262025-2026
Hosted, Implemented, Customized & Maintained by: BestBookBuddies

Powered by Koha